États-Unis. (Registro nro. 45076)
[ vista simple ]
| 000 -CABECERA | |
|---|---|
| Longitud fija campo de control | 00882naa a2200241 4500 |
| 001 - NÚMERO DE CONTROL | |
| Número de control | 45076 |
| 003 - IDENTIFICADOR DE NÚMERO DE CONTROL | |
| Identificador del número de control | ES-MaCES |
| 005 - FECHA Y HORA DE LA ÚLTIMA TRANSACCIÓN | |
| Fecha y hora de la última transacción | 20141221114220.0 |
| 008 - CAMPO FIJO DE DESCRIPCIÓN FIJA--INFORMACIÓN GENERAL | |
| Códigos de información de longitud fija | 000000s2013 fr ||||| t||||||| ||fre d |
| 040 ## - FUENTE DE CATALOGACIÓN | |
| Centro catalogador de origen | ES-MaCES |
| Lengua de catalogación | spa |
| Centro transcriptor | ES-MaCES |
| 245 00 - MENCIÓN DE TÍTULO | |
| Título | États-Unis. |
| Resto del título | Vers une hégémonie discrète |
| 650 #4 - ASIENTO SECUNDARIO DE MATERIA--TÉRMINO DE MATERIA | |
| 9 (RLIN) | 28373 |
| Término de materia o nombre geográfico como elemento inicial | Estados Unidos |
| 650 #4 - ASIENTO SECUNDARIO DE MATERIA--TÉRMINO DE MATERIA | |
| 9 (RLIN) | 27240 |
| Término de materia o nombre geográfico como elemento inicial | dirección política |
| 650 #4 - ASIENTO SECUNDARIO DE MATERIA--TÉRMINO DE MATERIA | |
| 9 (RLIN) | 26687 |
| Término de materia o nombre geográfico como elemento inicial | política exterior |
| 650 #4 - ASIENTO SECUNDARIO DE MATERIA--TÉRMINO DE MATERIA | |
| 9 (RLIN) | 26692 |
| Término de materia o nombre geográfico como elemento inicial | política de defensa |
| 650 #4 - ASIENTO SECUNDARIO DE MATERIA--TÉRMINO DE MATERIA | |
| 9 (RLIN) | 30653 |
| Término de materia o nombre geográfico como elemento inicial | globalización económica |
| 650 #4 - ASIENTO SECUNDARIO DE MATERIA--TÉRMINO DE MATERIA | |
| 9 (RLIN) | 29907 |
| Término de materia o nombre geográfico como elemento inicial | gobierno regional |
| 650 #4 - ASIENTO SECUNDARIO DE MATERIA--TÉRMINO DE MATERIA | |
| 9 (RLIN) | 29077 |
| Término de materia o nombre geográfico como elemento inicial | aspecto sociológico |
| 653 10 - TÉRMINO DE INDEXACIÓN--NO CONTROLADO | |
| Término no controlado | Ciencias Sociales-Políticas |
| 773 0# - ENTRADA DE DOCUMENTO FUENTE | |
| Itemnumber del ítem fuente | 81511 |
| Lugar, editor y fecha de publicación | Paris la Documentation française |
| Otro identificador del documento | 084417 |
| Título | Questions internationales |
| Número de control del registro relacionado | (ES-MaCES)26045 |
| Parte(s) relacionada(s) | nº 64 (nov.-déc. 2013) {55/1094 R. 084417} ; 127 p. |
| 902 ## - CES. TIPO DE DOCUMENTO | |
| Tipodoc (006$c Sirtex) | MON Monográfico de revista |
| 942 ## - ELEMENTOS KOHA | |
| Fuente de clasificaión o esquema | Clasificación propia del CES |
| Koha [por defecto] tipo de item | Artículos (1982-2017) |
| Parte de clasificación | Ciencias Sociales Politicas Empresariale |
No hay ítems disponibles.
